000 00602 a2200205 4500
005 20260417113215.0
008 260416b |||||||| |||| 00| 0 eng d
020 _a9781009380478
_cRs. 1295.00
040 _aMAIN
082 _a701.170954
_bG939H
100 _aGuha-Thakurta, Tapati, ed.
245 _aHow secular is art ?: On the politics of art, history, and religion in South Asia
250 _a
260 _b Cambridge University Press
_c2023
_aNew York
300 _axiv, 429
650 _aVisual Arts
650 _aIndian Secularism
700 _aZamindar, Vazira, ed.
942 _cBK
999 _c395979
_d395979